Ecohouse (Record no. 107772)
[ view plain ]
| 000 -LEADER | |
|---|---|
| fixed length control field | 01119cam a22002775a 4500 |
| 001 - CONTROL NUMBER | |
| control field | L141797 |
| 008 - FIXED-LENGTH DATA ELEMENTS--GENERAL INFORMATION | |
| fixed length control field | 071221s2007 xxkado f 001 0 eng d |
| 020 ## - INTERNATIONAL STANDARD BOOK NUMBER | |
| International Standard Book Number | 9780750669030 |
| 035 ## - SYSTEM CONTROL NUMBER | |
| System control number | (Sirsi) u141797 |
| 041 0# - LANGUAGE CODE | |
| Language code of text/sound track or separate title | eng |
| 050 04 - LIBRARY OF CONGRESS CALL NUMBER | |
| Classification number | 696.9 $2 18 |
| 100 1# - MAIN ENTRY--PERSONAL NAME | |
| Personal name | Roaf, Sue |
| 245 00 - TITLE STATEMENT | |
| Title | Ecohouse |
| 250 ## - EDITION STATEMENT | |
| Edition statement | 3rd ed. |
| 260 ## - PUBLICATION, DISTRIBUTION, ETC. | |
| Place of publication, distribution, etc. | Oxford |
| Name of publisher, distributor, etc. | Architectural Press |
| Date of publication, distribution, etc. | 2007 |
| 300 ## - PHYSICAL DESCRIPTION | |
| Extent | viii, 479p. |
| Other physical details | ill. |
| Dimensions | 28cm. |
| 520 ## - SUMMARY, ETC. | |
| Summary, etc. | Offers a detailed technical and resource guide aimed at architects, designers and builders. Examines how to design buildings to leave a low carbon footprint. Considers low-impact materials and technologies including lime, earth and hemp. Presents case studies showing sustainable design in action. Offers advice on providing power using renewable energy including wind, micro hydro and heat pumps. |
| 521 2# - TARGET AUDIENCE NOTE | |
| Target audience note | Advanced |
| 590 ## - LOCAL NOTE (RLIN) | |
| Local note | KA |
| 651 #4 - SUBJECT ADDED ENTRY--GEOGRAPHIC NAME | |
| Geographic name | International |
| 690 ## - LOCAL SUBJECT ADDED ENTRY--TOPICAL TERM (OCLC, RLIN) | |
| Topical term or geographic name as entry element | ENVIRONMENTAL AND LAND CONSULTANCY-ENERGY-ENERGY USE-ENERGY EFFICIENCY |
| 690 ## - LOCAL SUBJECT ADDED ENTRY--TOPICAL TERM (OCLC, RLIN) | |
| Topical term or geographic name as entry element | BUILT ENVIRONMENT-CONSTRUCTION DESIGN |
| 700 1# - ADDED ENTRY--PERSONAL NAME | |
| Personal name | Fuentes, Manuel |
| 700 1# - ADDED ENTRY--PERSONAL NAME | |
| Personal name | Thomas, Stephanie |
| 942 ## - ADDED ENTRY ELEMENTS (KOHA) | |
| Suppress in OPAC | 0 |
| Withdrawn status | Lost status | Source of classification or shelving scheme | Damaged status | Not for loan | Home library | Current library | Shelving location | Date acquired | Cost, normal purchase price | Total Checkouts | Full call number | Barcode | Date last seen | Date last checked out | Copy number | Cost, replacement price | Price effective from | Koha item type |
|---|---|---|---|---|---|---|---|---|---|---|---|---|---|---|---|---|---|---|
| Dewey Decimal Classification | London | London | Books | 04/02/2008 | 25.49 | 6 | F696.9 ROA | 30074563 | 06/08/2019 | 07/04/2009 | 1 | 25.49 | 06/08/2019 | Book |